000 01663nam0a22002771 4500
001 rc\4389189
005 20260406235537.0
021 _aRU
_b[66-59797]
035 _a(NLR Aleph) 008552655
090 _a8416084
_c8416084
100 _a20130416d1966 |||y0rusy50 ca
101 0 _arus
102 _aRU
105 _aa z |||||
200 1 _aМатериалы секций конференции, подготовленные Белорусским республиканским правлением НТО Стройиндустрии
_fНауч.-техн. о-во строит. индустрии Центр. и Латв. респ. правл. М-во пром-сти строит. материалов СССР. М-во строительства Латв. ССР. ЦК Профсоюза рабочих строительства и пром-сти строит. материалов. НИИЖБ Госстроя СССР. ВНИИЖелезобетон МПСМ СССР. 66 конференция по бетону и железобетону. Рига, 28/6 - 1/7 1966
210 _aМинск
_c[Полымя]
_d1966
215 _a67 с.
_cил.
_d21
606 _aЖелезобетон
_jСборники
_2psbo
606 _aБетон
_jСборники
_2psbo
710 1 2 _aВсесоюзная конференция по бетону и железобетону (6; 1966; Рига)
712 0 2 _aНТО строит. индустрии СССР
_bБелорусское респ. правление
_9474359
_3RU\NLR\AUTH\889989422
801 0 _aRU
_bNLR
_gpsbo
801 1 _aRU
_bELAR
_2rusmarc
852 _aNLR
_j66-6/8931
942 _cBOOK
980 _aNB